00584nam a2200193 i 450000100060000000300090000600500170001500700030003200800410003508000180007610000190009424501080011326000330022130000210025449000270027565000400030283000270034285200210036979878ES-MaACL20230906174054.0t|041025s1960 sp ||||1| spa d a371.128.1:3721 aHerzog, Edgar.10aProblemas sobre la personalidad del maestro en la educación / cEdgar Herzog ; traducción de M.G.H. aMadrid : bStvdivm, c[1960] a85 p. ; c18 cm.1 aHogar y escuela ; v23 4aProfesores de enseñanza primaria.1 aHogar y escuela ; v234 aES-MaACLjG-9665